Statistics for Find the Pattern and Continue the Sequence

Click here to take the quiz!

General Stats

  • This quiz has been taken 35 times
  • The average score is 11 of 24

Answer Stats

Answer % Correct
red, orange, yellow, green, blue, indigo, violet
91%
Alpha, Beta, Gamma, Delta, Epsilon,...., Omega
70%
Colours of the rainbow
67%
China > India > United States > Indonesia >>> Vatican City
64%
Greek Alphabet
61%
Countdown in German
61%
Biggest Countries by Population
55%
Popes
52%
Taurus, Gemini, Cancer, Leo, Virgo, Libra, Scorpio, Sagittarius, Capricorn, Aquarius, Pisces, Aries
52%
Athens (2004), Beijing (2008), London (2012), Rio de Janeiro (2016)
52%
Vier (4), Drei (3), Zwei (2), Eins (1)
52%
Summer Olympics Host Cities
48%
Wives of King Henry VIII
48%
US Presidents chronologically
48%
Signs of the Zodiac
48%
deca, hecto, kilo, mega,...
45%
Pius XII, John XXIII, Paul VI, John Paul, John Paul II, Benedict XVI, Francis
39%
M. Fillmore, F. Pierce, J. Buchanan, Abraham Lincoln
33%
Catherine of Aragon, Anne Boleyn, Jane Seymour, Anne of Cleves, Catherine Howard, Catherine Parr
33%
Siblings and main protagonists of several Narnia books and movies
24%
International Scientific Prefixes
18%
Peter, Susan, Edmund, Lucy Pevensie
18%
Five Pillars of (Sunni) Islam
15%
faith (Shahada), prayer (Salah), charity (Zakāt), fasting (Sawm), pilgrimage to Mecca (Hajj)
9%

Score Distribution

Percentile by Number Answered

Percent of People with Each Score

Your Score History

You have not taken this quiz